Database System Concepts (Record no. 2909)

MARC details
000 -LEADER
fixed length control field 00337nam a2200145Ia 4500
008 - FIXED-LENGTH DATA ELEMENTS--GENERAL INFORMATION
fixed length control field 191201s2006 xx 000 0 und d
082 ## - DEWEY DECIMAL CLASSIFICATION NUMBER
Classification number 005.74
Item number SID
100 ## - MAIN ENTRY--PERSONAL NAME
Personal name SILBERSCHATZ,Korth
245 #0 - TITLE STATEMENT
Title Database System Concepts
250 ## - EDITION STATEMENT
Edition statement 5th
260 ## - PUBLICATION, DISTRIBUTION, ETC. (IMPRINT)
Place of publication, distribution, etc N.Delhi
Name of publisher, distributor, etc MGH
Date of publication, distribution, etc 2006
300 ## - PHYSICAL DESCRIPTION
Extent 1142
650 ## - SUBJECT ADDED ENTRY--TOPICAL TERM
Topical term or geographic name as entry element B.Tech(IT)
942 ## - ADDED ENTRY ELEMENTS (KOHA)
Source of classification or shelving scheme Dewey Decimal Classification
Koha item type Text Books
Holdings
Withdrawn status Lost status Source of classification or shelving scheme Damaged status Not for loan Collection code Home library Current library Date acquired Source of acquisition Cost, normal purchase price Bill Number Total Checkouts Full call number Acc. no. / Barcode Date last seen Bill Date Koha item type Date last borrowed
    Dewey Decimal Classification     B.Tech(IT) PIET C-LIBRARY PIET C-LIBRARY 20/08/2007 J B C, New Delhi 7.75 707   005.74 SID 6624 04/12/2019 28/07/2007 Text Books  
    Dewey Decimal Classification     Computer Science and Engineering in AI & Data Science PIET C-LIBRARY PIET C-LIBRARY 20/08/2007 J B C, New Delhi 7.75 707 2 005.74 SID 6625 02/12/2025 28/07/2007 Text Books 18/11/2025
    Dewey Decimal Classification     Computer Science & Engineering in Cyber Security PIET C-LIBRARY PIET C-LIBRARY 20/08/2007 J B C, New Delhi 7.75 707 1 005.74 SID 6626 07/01/2022 28/07/2007 Text Books 03/09/2021
    Dewey Decimal Classification     Computer Science & Engineering in Cyber Security PIET C-LIBRARY PIET C-LIBRARY 20/08/2007 J B C, New Delhi 7.75 707 2 005.74 SID 6627 26/09/2023 28/07/2007 Text Books 12/09/2023

Design & Developed by: PIET Central Library
R70 Miles Stone Pattikalyana Samalkha Panipat 132102
mail ID :- [email protected], Phone No:- 0180-2569700 Ex.216